Protection de l'environnement et commerce international.
Náklady a výhody rozdielov medzi krajinami so znečisťujúcimi a ochrannými látkami. Rozličné priority podľa úrovne rozvoja. Ukazovatele životného prostredia podľa kategórií príjmu krajín. Normy životného prostredia: prekážky medzinárodnej výmeny. GATT zoči-voči ochrane životného prostredia. Aféra s t...
Gespeichert in:
| 1. Verfasser: | |
|---|---|
| Format: | Buchkapitel |
| Sprache: | Französisch |
| Schlagworte: | |
| Tags: |
Keine Tags, Fügen Sie das erste Tag hinzu!
|
MARC
| LEADER | 00000naa a2200000 4500 | ||
|---|---|---|---|
| 001 | r011163 | ||
| 005 | 20220913125200.9 | ||
| 041 | 0 | |a fre | |
| 044 | |a FR | ||
| 245 | 1 | 0 | |a Protection de l'environnement et commerce international. |c F. Cairncross |
| 520 | |a Náklady a výhody rozdielov medzi krajinami so znečisťujúcimi a ochrannými látkami. Rozličné priority podľa úrovne rozvoja. Ukazovatele životného prostredia podľa kategórií príjmu krajín. Normy životného prostredia: prekážky medzinárodnej výmeny. GATT zoči-voči ochrane životného prostredia. Aféra s tuniakmi a delfínmi a vzrast hospodárskych sankcií. Zmluva z Bale. (The Economist 30.5.1992). | ||
| 610 | 2 | 0 | |a ochrana prostredia životného |
| 610 | 2 | 0 | |a obchod medzinárodný |
| 610 | 2 | 0 | |a prostredie životné |
| 610 | 2 | 0 | |a GATT |
| 610 | 2 | 0 | |a sankcie |
| 100 | 1 | |a Cairncross, F. | |